| 000 | 00751cam a2200217 a 4500 | ||
|---|---|---|---|
| 001 | 000014601 | ||
| 005 | 20200929163856.0 | ||
| 008 | 830912s1981 ho b 000 0 spa | ||
| 035 | _a(DLC) 82117404 | ||
| 040 |
_aDO-SdBNP _cDLC _dDLC _dOCoLC |
||
| 082 |
_a972.83 _bV181h |
||
| 100 | 1 |
_aValle, Rafael Heliodoro, _d1891-1959. _916764 |
|
| 245 | 1 | 0 |
_aHistoria de la cultura hondureña / _cRafael Heliodoro Valle. |
| 260 |
_aTegucigalpa, Honduras : _bUniversitaria ; _bUniversidad Nacional Autonóma de Honduras, _c1981. |
||
| 300 |
_a235 p. ; _c21 cm. |
||
| 504 | _aBibliografías: p. 229-235. | ||
| 651 | 4 |
_aHonduras _xVida Intelectual _933062 |
|
| 650 | 4 |
_aPrensa _zHonduras _xHistoria _933063 |
|
| 910 | _aCatalogación por copia / LC | ||
| 049 | _aBNGR | ||
| 999 |
_c14187 _d14187 |
||